Wie Andi das Sprechen lernt

Αποθηκεύτηκε σε:
Λεπτομέρειες βιβλιογραφικής εγγραφής
Κύριος συγγραφέας: Radigk, Werner
Μορφή: Βιβλίο
Γλώσσα:German
Δημοσίευση: Frankfurt am Main : Scriptor, 1987
Έκδοση:2nd ed.
Σειρά:Im Ueberblick ; ; 2
Θέματα:
Ετικέτες: Προσθήκη ετικέτας
Δεν υπάρχουν, Καταχωρήστε ετικέτα πρώτοι!

MARC

LEADER 00000nam a2200000 i 4500
001 1/71124
008 960718s1987 ger d
020 |a 3-589-20793-0 
035 |a 1988  |b 3  |c Σκούρτου  |l 10030857 
040 |a GR-MY-UA  |b gre  |e aacr 
041 0 |a ger 
082 0 |a 155.41315 
100 1 |a Radigk, Werner. 
245 1 0 |a Wie Andi das Sprechen lernt /  |c Werner Radigk ; mit 46 Zeichnungen von Kathrin Strassburg 
250 |a 2nd ed. 
260 |a Frankfurt am Main :   |b Scriptor,   |c 1987 
300 |a 69 p.;  |c 18 cm 
490 1 |a Im Ueberblick  |v ; 2 
650 0 0 |a Learning, Psychology of. 
650 0 0 |a Child psychology. 
830 0 |a Im Ueberblick ;  |v ; 2 
852 |a INST  |b RHODES  |e 20000913  |h 155.41315 RAD  |p 005400008404  |q 005400008404  |t BK  |y 0 
852 |a INST  |b RHODES  |e 19960718  |h 155.41315 RAD  |p 005400008993  |q 005400008993  |t BK  |y 0 
909 |a Ρ  |b 017051 
909 |a Ρ  |b 011910  |c 1988 
970 |z 2000/09/ΧΡΥΣΑΝΘΗ